Saya sebuah Pejabat Pos (Record no. 36231)

MARC details
000 -LEADER
fixed length control field 00746nam a2200277 i 4500
001 - CONTROL NUMBER
control field C2-0123770
003 - CONTROL NUMBER IDENTIFIER
control field PPAK
005 - DATE AND TIME OF LATEST TRANSACTION
control field 20180727114603.0
008 - FIXED-LENGTH DATA ELEMENTS--GENERAL INFORMATION
fixed length control field 970904s1995 my |||| ||||| | may d
020 ## - INTERNATIONAL STANDARD BOOK NUMBER
International Standard Book Number 9676532118
040 ## - CATALOGING SOURCE
Original cataloging agency PPAK
Language of cataloging eng
Transcribing agency PPAK
Description conventions rda
082 04 - DEWEY DECIMAL CLASSIFICATION NUMBER
Classification number 899.233
Edition number 23
090 00 - LOCALLY ASSIGNED LC-TYPE CALL NUMBER (OCLC); LOCAL CALL NUMBER (RLIN)
Classification number (OCLC) (R) ; Classification number, CALL (RLIN) (NR) 899.233
Feature heading MOH
Feature heading K
100 0# - MAIN ENTRY--PERSONAL NAME
Personal name Mohd. Tajuddin Haji Abdul Rahman,
Relator term author
245 10 - TITLE STATEMENT
Title Saya sebuah Pejabat Pos
264 #1 - PRODUCTION, PUBLICATION, DISTRIBUTION, MANUFACTURE, AND COPYRIGHT NOTICE
Place of production, publication, distribution, manufacture Shah Alam, Selangor :
Name of producer, publisher, distributor, manufacturer Fajar Bakti ,
Date of production, publication, distribution, manufacture, or copyright notice 1995
300 ## - PHYSICAL DESCRIPTION
Extent 45 pages ;
Dimensions 21 cm
336 ## - CONTENT TYPE
Source rdacontent
Content type term text
337 ## - MEDIA TYPE
Source rdamedia
Media type term unmediated
338 ## - CARRIER TYPE
Source rdacarrier
Carrier type term volume
490 1# - SERIES STATEMENT
Series statement Siri kaloi
500 ## - GENERAL NOTE
General note Tahap satu
650 10 - SUBJECT ADDED ENTRY--TOPICAL TERM
Topical term or geographic name entry element Children's stories, Malay
830 #0 - SERIES ADDED ENTRY--UNIFORM TITLE
Uniform title Siri kaloi
942 ## - ADDED ENTRY ELEMENTS (KOHA)
-- dc
Koha item type Book
Holdings
Withdrawn Not for loan Current library Shelving location Date acquired Full call number Barcode Date last seen Koha item type
    Perpustakaan Awam Sungai Petani Pinjaman Kanak-kanak 26/03/1998 K 899.233 MOH A00130530 08/05/2018 Book
    Perpustakaan Jitra Pinjaman Kanak-kanak 03/12/2003 K 899.233 MOH A00830721 08/05/2018 Book
    Perpustakaan Kulim Pinjaman Kanak-kanak 26/03/1998 K 899.233 MOH A00130533 08/05/2018 Book
    Perpustakaan Yan Pinjaman Kanak-kanak 26/03/1998 K 899.233 MOH A00130534 08/05/2018 Book
    PD11, Felda Teloi Kanan, Kuala Ketil Pinjaman Kanak-kanak 26/03/1998 K 899.233 MOH A00130393 08/05/2018 Book
    PD12, Kg. Padang, Baling Pinjaman Kanak-kanak 26/03/1998 K 899.233 MOH A00130390 08/05/2018 Book
    PD14, Felda Sungai Tiang, Pendang Pinjaman Kanak-kanak 26/03/1998 K 899.233 MOH A00130392 08/05/2018 Book